| 000 | 00373nam a22000977a 4500 | ||
|---|---|---|---|
| 008 | 220131b ||||| |||| 00| 0 eng d | ||
| 100 | _aBaraut, Maiol | ||
| 245 | _aSant Jordi en la Filatelia 1863-1970 (St. George and the Dragon on stamps - topical) | ||
| 260 |
_aMonserrat, British Caribbean _bPublications de l'Abadia de Montserrat _c1972 |
||
| 650 | _aSt. George Topical; Dragon; | ||
| 999 |
_c3300 _d3300 |
||